|
|
|
|
| LEADER |
00000nab a2200000 a 4500 |
| 001 |
vtls010723931 |
| 003 |
SK-MaSNL |
| 005 |
20260304190049.0 |
| 008 |
250709s2006 xo |||||||||||||||||slo| |
| 035 |
|
|
|a (urnnbn)urn:nbn:sk:snk:ar-a04uoq
|
| 035 |
|
|
|a (uuid)5c398531-a390-4ca4-b0a5-a660d0cbcd47
|
| 035 |
|
|
|a urn:nbn:sk:snk-ab3o78
|
| 040 |
|
|
|a SNKBUCL
|b slo
|c SNKBUCL
|e AACR2
|
| 041 |
0 |
|
|a slo
|
| 044 |
|
|
|a xo
|c SK
|
| 100 |
1 |
|
|a Starke, A.
|4 aut
|9 1520747
|
| 245 |
1 |
0 |
|a Liečba chronických endometritíd u hovädzieho dobytka
|c A. Starke, M. Feldmann, M. Kusenda, P. Mudroň, H. Bollwein
|
| 700 |
1 |
|
|a Feldmann, M.
|4 aut
|9 1174806
|
| 700 |
1 |
|
|a Kusenda, M.
|4 aut
|9 1412640
|
| 700 |
1 |
|
|a Mudroň, Pavol,
|d 1962-
|4 aut
|9 219153
|
| 700 |
1 |
|
|a Bollwein, H.
|4 aut
|9 1520748
|
| 773 |
0 |
|
|t Infovet : veterinársky odborno-informačný časopis
|g Roč. 13, č. 6 (2006), s. 269-270
|
| 850 |
|
|
|a Slovenská národná knižnica
|
| 852 |
|
|
|a Slovenská národná knižnica
|
| 954 |
|
|
|a odborná, vedecká literatúra cudzojazyčná (svetová)
|2 lita
|
| 954 |
|
|
|a odborná, vedecká literatúra pôvodná (slovenská)
|2 lita
|
| 958 |
|
|
|a article1
|
| 958 |
|
|
|a OND
|
| 958 |
|
|
|a EUIPO
|
| 999 |
|
|
|c 3048174
|d 3050104
|